Al morality (Record no. 1435319)

MARC details
000 -LEADER
fixed length control field 00764 a2200241 4500
005 - DATE AND TIME OF LATEST TRANSACTION
control field 20251126154734.0
008 - FIXED-LENGTH DATA ELEMENTS--GENERAL INFORMATION
fixed length control field 251126b |||||||| |||| 00| 0 eng d
020 ## - INTERNATIONAL STANDARD BOOK NUMBER
International Standard Book Number 9780198876434 (hbk)
037 ## - SOURCE OF ACQUISITION
Terms of availability TB
040 ## - CATALOGING SOURCE
Original cataloging agency CRL
Transcribing agency CRL
041 ## - LANGUAGE CODE
Source of code eng
Language code of text/sound track or separate title eng
084 ## - COLON CLASSIFICATION NUMBER
Classification number R4,(D65,8(B)) R4
Assigning agency CRL
245 ## - TITLE STATEMENT
Title Al morality
260 ## - PUBLICATION, DISTRIBUTION, ETC.
Place of publication, distribution, etc. Oxford, UK:
Name of publisher, distributor, etc. Oxford University Press,
Date of publication, distribution, etc. 2024.
300 ## - PHYSICAL DESCRIPTION
Extent x, 240p.
365 ## - TRADE PRICE
Price amount 14.99
Currency code UKP
650 ## - SUBJECT ADDED ENTRY--TOPICAL TERM
Topical term or geographic name entry element Philosophy
9 (RLIN) 853054
650 ## - SUBJECT ADDED ENTRY--TOPICAL TERM
Topical term or geographic name entry element Ethics
9 (RLIN) 853055
650 ## - SUBJECT ADDED ENTRY--TOPICAL TERM
Topical term or geographic name entry element Internet
9 (RLIN) 853056
700 ## - ADDED ENTRY--PERSONAL NAME
Personal name Edmonds, David
Relator term editor.
9 (RLIN) 853057
942 ## - ADDED ENTRY ELEMENTS (KOHA)
Koha item type Textbook
Source of classification or shelving scheme Colon Classification (CC)
Suppress in OPAC No
Classification part R4,(D65,8(B)) R4
Holdings
Withdrawn status Lost status Source of classification or shelving scheme Damaged status Not for loan Home library Current library Date acquired Source of acquisition Cost, normal purchase price Inventory number Total Checkouts Full call number Barcode Date last seen Cost, replacement price Price effective from Koha item type
    Colon Classification (CC)     Central Library Central Library 2025-11-03 18/ Bright Book Service 1414.58 2523 & 2025-10-28   R4,(D65,8(B)) R4 CL1924404 2025-11-03 1768.22 2025-11-03 Textbook
Copyright @ Delhi University Library System